Every Adele song on the Billboard Hot 100 - Statistics

General Stats
  • This quiz has been taken 61 times
    43 since last reset
  • The average score is 17 of 25
Answer Stats
# Year Answer % Correct
1 2015 Hello
100%
1 2011 Set Fire to the Rain
94%
1 2011 Someone like You
94%
1 2021 Easy on Me
91%
1 2010 Rolling in the Deep
91%
8 2012 Skyfall
88%
21 2008 Chasing Pavements
85%
18 2021 I Drink Wine
76%
16 2011 Rumour Has It
76%
14 2016 When We Were Young
70%
49 2021 Hold On
64%
5 2021 Oh My God
64%
56 2021 Love Is A Game
61%
23 2021 My Little Love
61%
8 2016 Send My Love (To Your New Lover)
58%
32 2021 To Be Loved
58%
63 2011 Turning Tables
58%
26 2016 Water Under the Bridge
58%
26 2021 Can I Get It
55%
77 2015 All I Ask
52%
44 2021 Cry Your Heart Out
52%
41 2021 Strangers By Nature
52%
53 2021 All Night Parking (with Erroll Garner) Interlude
48%
55 2021 Woman Like Me
48%
87 2015 Remedy
42%
No matching quizzes found
Score Distribution
Percent of People with Each Score
Percentile by Number Answered
Your Score History
You have not taken this quiz since the last reset